Normal view
MARC view
Entry Topical Term
001 - CONTROL NUMBER
- control field: 37457
003 - CONTROL NUMBER IDENTIFIER
- control field: ARRUPE
005 - DATE AND TIME OF LATEST TRANSACTION
- control field: 20171108110607.0
008 - FIXED-LENGTH DATA ELEMENTS
- fixed length control field: 171108|| aca||aabn | a|a d
040 ## - CATALOGING SOURCE
- Original cataloging agency: ARRUPE
- Transcribing agency: ARRUPE
150 ## - HEADING--TOPICAL TERM
- Topical term or geographic name as entry element: Mencius
670 ## - SOURCE DATA FOUND
- Source citation: Work cat.: (ARRUPE): Shun, Kwong-loi 37456, Mencius and early chinese thouht, 1997